Taylor Swift - Paroles The Way I Loved You - Statistiques

Statistiques générales
  • Ce quiz a été pris 274 fois
  • Le résultat moyen est 305 sur 348
Statistiques - réponses
Hint Réponse % Correct
a
100%
and
100%
And
100%
I
100%
in
99%
so
99%
So
99%
the
99%
"You
99%
you
99%
love
98%
loved
98%
that
98%
way
98%
rain
97%
screaming
97%
your
97%
Bridge | Couplet 1 | Couplet 2 He
96%
he
96%
it's
96%
It's
96%
that's
96%
Refrain But
95%
feel
95%
miss
95%
my
95%
I'm
94%
kissing
94%
name
94%
all
93%
are
93%
is
93%
to
93%
friends
92%
2 a.m.
91%
beautiful
91%
fighting
91%
says
91%
says,
91%
act
90%
insane
90%
look
90%
could
89%
cursing
89%
tonight"
89%
jealous
88%
fine
87%
hear,
87%
never
87%
Never
87%
door
86%
incredible
86%
perfectly
86%
sensible
86%
single
86%
car
85%
into
83%
opens
83%
get
82%
his
82%
need
82%
up
82%
knew
81%
much
81%
when
81%
everything
80%
father
80%
mother
80%
with
80%
anything
79%
me
79%
for
78%
He's
78%
like
78%
better
77%
Talks
76%
roller
75%
ask
74%
kind
74%
Breaking
73%
breaking
73%
will
73%
calls
72%
couldn't
72%
makes
72%
of
72%
coaster
71%
exactly
71%
oh
71%
oh,
71%
Oh
71%
respects
71%
business
70%
charming
68%
down
68%
rush
68%
wait
68%
space
67%
at
66%
close
66%
'Cause
65%
comfortable
65%
coming
65%
not
65%
were
65%
feeling
64%
can't
63%
see
63%
smile
63%
faking
62%
heart's
61%
undone
57%
Just
55%
acted
53%
crazy
51%
Outro Whoa
46%
whoa
46%
complicated
45%
endearing
45%
wild
45%
frustrating,
43%
intoxicating,
42%
now
42%
by
39%
mistake
37%
You're
37%
some
36%
away
33%
Got
32%
Aucun quiz correspondant
Distribution des résultats
% des personnes avec chaque résultat
Percentile par nombre de réponses
Votre historique - résultats
Vous n’avez pas pris ce quiz